Dunaya mein hu dunaya ka talbagaar nahi hu / (Record no. 44151)

MARC details
000 -LEADER
fixed length control field 01096nji a22002657a 4500
005 - DATE AND TIME OF LATEST TRANSACTION
control field 20100903161258.0
006 - FIXED-LENGTH DATA ELEMENTS--ADDITIONAL MATERIAL CHARACTERISTICS--GENERAL INFORMATION
fixed length control field a|||||r|||||00| 0
007 - PHYSICAL DESCRIPTION FIXED FIELD--GENERAL INFORMATION
fixed length control field sd ammalaaahaa
008 - FIXED-LENGTH DATA ELEMENTS--GENERAL INFORMATION
fixed length control field 100830t xxu||||| |||| 00| 0 eng d
028 ## - PUBLISHER NUMBER
Publisher number VE 1503
Source Columbia
035 ## - SYSTEM CONTROL NUMBER
System control number GR-00945
040 ## - CATALOGING SOURCE
Original cataloging agency SED
Transcribing agency SED
100 ## - MAIN ENTRY--PERSONAL NAME
9 (RLIN) 17455
Personal name Saigal, K L
245 ## - TITLE STATEMENT
Title Dunaya mein hu dunaya ka talbagaar nahi hu /
Statement of responsibility, etc by K L Saigol
Medium [sound recording] :
246 ## - VARYING FORM OF TITLE
Title proper/short title दुनया में हु दुनया का तलबगार नहीं हु / के ल सैगोल
260 ## - PUBLICATION, DISTRIBUTION, ETC. (IMPRINT)
Place of publication, distribution, etc Dum Dum, India
Name of publisher, distributor, etc Columbia
300 ## - PHYSICAL DESCRIPTION
Extent 1 sound disc [Gramophone Recording]:
Other physical details analog, 33 1/3 rpm
Dimensions 9.5 in. (MP)
Type of unit Gramophone Record
500 ## - GENERAL NOTE
General note Brief Record
505 ## - FORMATTED CONTENTS NOTE
Formatted contents note Side-2 कौन विराने में देखेगा बहार (Kaun viraaney mein dekhey ga bahar) ( K L saigal)
650 ## - SUBJECT ADDED ENTRY--TOPICAL TERM
Topical term or geographic name as entry element Classical music
Geographic subdivision India
9 (RLIN) 1186
General subdivision Excerpts
700 ## - ADDED ENTRY--PERSONAL NAME
9 (RLIN) 17416
700 ## - ADDED ENTRY--PERSONAL NAME
9 (RLIN) 17456
942 ## - ADDED ENTRY ELEMENTS (KOHA)
Source of classification or shelving scheme Dewey Decimal Classification
Item type Gramaphone Records
Holdings
Withdrawn status Lost status Source of classification or shelving scheme Damaged status Not for loan Collection code Home library Current library Date acquired Source of acquisition Total Checkouts Barcode Date last seen Copy number Price effective from Koha item type
    Dewey Decimal Classification   Not For Loan Non-fiction Central Library Central Library 07/09/2010 SED/VEN   GR-00945 07/09/2010 1 07/09/2010 Gramaphone Records

© Delhi Public Library
Hit Counter
free hit counter